Environmental monitoring of our cultural heritage (Record no. 104904)
[ view plain ]
| 000 -LEADER | |
|---|---|
| fixed length control field | 01531cam a22002175a 4500 |
| 001 - CONTROL NUMBER | |
| control field | ##L131923 |
| 008 - FIXED-LENGTH DATA ELEMENTS--GENERAL INFORMATION | |
| fixed length control field | 051216s2003 xxk f 100 0 eng d |
| 020 ## - INTERNATIONAL STANDARD BOOK NUMBER | |
| International Standard Book Number | 0954650506 |
| 035 ## - SYSTEM CONTROL NUMBER | |
| System control number | (Sirsi) u131923 |
| 041 0# - LANGUAGE CODE | |
| Language code of text/sound track or separate title | eng |
| 050 04 - LIBRARY OF CONGRESS CALL NUMBER | |
| Classification number | 697 $2 18 |
| 100 1# - MAIN ENTRY--PERSONAL NAME | |
| Personal name | International Conference on Environmental Monitoring of Our Cultural Heritage |
| Dates associated with a name | (2003) |
| Titles and words associated with a name | Edinburgh |
| 245 00 - TITLE STATEMENT | |
| Title | Environmental monitoring of our cultural heritage |
| Remainder of title | sustainable conservation solutions |
| -- | the proceedings of the international conference on environmental monitoring of our cultural heritage |
| -- | sustainable conservation solutions 13-14 November 2003, Royal Museum lecture theatre, Edinburgh, UK |
| 260 ## - PUBLICATION, DISTRIBUTION, ETC. | |
| Place of publication, distribution, etc. | Milton Keynes |
| Name of publisher, distributor, etc. | Environmental Building Solutions |
| Date of publication, distribution, etc. | 2004 |
| 300 ## - PHYSICAL DESCRIPTION | |
| Extent | 200p. |
| Other physical details | ill |
| Dimensions | 30cm. |
| 520 ## - SUMMARY, ETC. | |
| Summary, etc. | Papers from a conference called to discuss practical experience of enviromental monitoring. Monitoring has changed radically since the last conference in 1989 with the spread of computers, spreadsheets and radio telemetric monitoring and the challenge is now to interpret the data so that useful and relevant information is produced for enviromental management. Features sections on: enviromental monitoring and health; structures, services and deterioration of cultural heritage; monitoring, inspection methodolgies and case studies; and standards and strategies for control. |
| 690 ## - LOCAL SUBJECT ADDED ENTRY--TOPICAL TERM (OCLC, RLIN) | |
| Topical term or geographic name as entry element | ENVIRONMENTAL AND LAND CONSULTANCY-ENVIRONMENTAL MANAGEMENT-ENVIRONMENTAL ASSESSMENT |
| 700 10 - ADDED ENTRY--PERSONAL NAME | |
| Personal name | Singh, Jagjit |
| 700 10 - ADDED ENTRY--PERSONAL NAME | |
| Personal name | Knight, Barry |
| 942 ## - ADDED ENTRY ELEMENTS (KOHA) | |
| Suppress in OPAC | 0 |
| Withdrawn status | Lost status | Source of classification or shelving scheme | Damaged status | Not for loan | Home library | Current library | Shelving location | Date acquired | Total Checkouts | Full call number | Barcode | Date last seen | Copy number | Price effective from | Koha item type |
|---|---|---|---|---|---|---|---|---|---|---|---|---|---|---|---|
| Dewey Decimal Classification | London | London | Folio | 16/12/2005 | F697 ENV | 30071677 | 06/08/2019 | 1 | 06/08/2019 | Book |